000 00797nam a22002297a 4500
005 20240530110909.0
008 220214s2002 ua g 000 0 ara d
017 _bمصر. دار الكتب
040 _aEG-CaGPL
_cEG-CaGPL
082 0 4 _221
_a327.117973 /
_bت ا
100 0 _aتشومسكى ، نعوم
245 1 0 _a11 - 9 /
_cتشومسكى ، نعوم
250 _aط. 1
260 _aالقاهرة :
_bمكتبة الشروق الدولية،
_c2002
300 _a93 ؛
_c24 سم
650 0 7 _2qrmak
_aالمنظمات الارهابية الاجنبية
650 0 7 _2qrmak
_aالارهاب
651 _2qrmak
_aاحداث 11 سبتمبر
700 _aابراهيم محمد ابراهيم
_eمترجم
942 _2ddc
_cBK
999 _c66265
_d66265